| 000 | 00611nam a22001697a 4500 | ||
|---|---|---|---|
| 005 | 20260218104714.0 | ||
| 008 | 260218b |||||||| |||| 00| 0 eng d | ||
| 020 | _a9789393875488 | ||
| 040 | _cVITAP | ||
| 082 |
_223rd Ed. _a820.77 HIN |
||
| 100 |
_aThe Hindu Group _917059 |
||
| 245 |
_aSeaside Stories _b: Curated Columns on Chennai's Vibrant Fishing Community _c/ The Hindu Group |
||
| 260 |
_aChennai _bTHG (The Hindu Group) Publishing Private Limited _c2023 |
||
| 300 | _a128p. : ill. ; 21cm | ||
| 650 | 0 |
_aChennai Metro Plus; Chennai's Vibrant Fishing; Fishing Community _917061 _2 |
|
| 942 |
_2ddc _cREF |
||
| 999 |
_c47262 _d47262 |
||